| 000 | 01191nam a22002777a 4500 | ||
|---|---|---|---|
| 005 | 20170123164158.0 | ||
| 008 | 161022b xxu||||| |||| 00| 0 eng d | ||
| 010 | _aB-095301 | ||
| 020 |
_a8182990203 _c150.00 |
||
| 035 | _aB-095301 | ||
| 037 | _bCen Lib/Ret | ||
| 040 |
_aDPL _bPN |
||
| 082 |
_a158.1 _bਜੋਗਿੰਦ |
||
| 100 |
_aਜੋਗਿੰਦਰ ਸਿੰਘ _9140943 |
||
| 245 |
_aਤੁਹਾਡੀ ਜਿੱਤ ਤੁਹਾਡੇ ਹੱਥ / _cਜੋਗਿੰਦਰ ਸਿੰਘ ; ਅਨੁਵਾਦਕ ਰਮਨ ਭਾਰਦਵਾਜ |
||
| 246 |
_bTuhadi jitt tuhade hath : Punjabi translation of Yes you can / _aby Joginder Singh ; translated by Raman Bhardwaj |
||
| 260 |
_bਆਰਸੀ ਪਬਲਿਸ਼ਰਜ਼ _c2004 _aਦਿੱਲੀ |
||
| 270 |
_aਚਾਂਦਨੀ ਚੌਕ _b ਦਿੱਲੀ _e110006 |
||
| 300 |
_a120p. : _c18cm(Hb) |
||
| 650 |
_aMotivation (Psychology) _9140944 |
||
| 650 |
_aਪ੍ਰੇਰਣਾ (ਮਨੋਵਿਗਿਆਨ) _91227 |
||
| 650 |
_aSuccess _917488 |
||
| 650 |
_aਸਫਲਤਾ _9140945 |
||
| 700 |
_aਭਾਰਦਵਾਜ, ਰਮਨ _9140946 |
||
| 942 |
_2ddc _cPN _h158.1 _mਜੋਗਿੰਦ |
||
| 999 |
_c110842 _d110842 |
||